| 000 | 00961nas a2200325 4500 | ||
|---|---|---|---|
| 001 | BR0601585 | ||
| 003 | BR-BrBNA | ||
| 005 | 20231205105934.0 | ||
| 007 | ta | ||
| 008 | 230509b bl.|||p| |||| 00| 00por d | ||
| 040 |
_aBR-BrBNA _bpor _cBiblioteca Nacional de Agricultura |
||
| 041 | _a(Pt) | ||
| 072 | _aQ03 | ||
| 100 | 1 | _aFázio, M.L.S. | |
| 100 | 1 | _aGonçalves, T.M.V. | |
| 100 | 1 | _aGonçalves, T.M.V. | |
| 100 | 1 | _aRepisso, C.S. | |
| 100 | 1 | _aMartins, M. | |
| 245 | 1 | _aQualidade microbiológica de polpas congeladas de frutas, comercializadas na região de São José do Rio Preto, SP. | |
| 650 | _aPOLPA | ||
| 650 | _aFRUTA | ||
| 650 | _aANÁLISE MICROBIOLÓGICA | ||
| 650 | _aMOFO | ||
| 650 | _aCOLIFORME | ||
| 650 | _aBACTÉRIA | ||
| 650 | _aSÃO PAULO | ||
| 773 | 0 |
_tHigiene Alimentar (Brazil) _xISSN 0101-9171 _g(Jan-Feb 2006), v. 20(138) p. 92-97 _wBR0601585 |
|
| 909 |
_a202311 _bLúcia _c55 _dLúcia Elande |
||
| 942 |
_2AGRIS _n0 _cANA |
||
| 999 |
_c185449 _d185449 |
||